La dama de las camelias / (Registro nro. 8922)

Detalles MARC
000 -LIDER
fixed length control field 00883nam a2200301 a 4500
001 - NÚMERO DE CONTROL
Identificador de número de control 000039056
003 - IDENTIFICACDOR DE NÚMERO DE CONTROL
control field DO-SdBNP
005 - DATE AND TIME OF LATEST TRANSACTION
control field 20180226081554.0
007 - CAMPOS FIJOS DE DESCRIPCIÓN FÍSICA
fixed length control field 000039056
008 - ELEMENTOS DE LONGITUD FIJA
fixed length control field 090917s1982 dr a 000 0 spa d
020 ## - ISBN
International Standard Book Number 8402085148
040 ## - FUENTE DE CATALOGACIÓN
Agencia que crea de manera original el registro BPMSU
Idioma de catalogación spa
Agencia que realiza la transcripción BPMSU
092 ## - LOCALLY ASSIGNED DEWEY DECIMAL CALL NUMBER
Número de clasificación 843
Número de ítem (Cutter) D886d
100 1# - ASIENTO PRINCIPAL -- NOMBRE PERSONAL
Nombre personal Dumas, Alejandro,
Fechas asociadas con el nombre 1802-1870
240 ## - TITULO UNIFORME
Título uniforme La dame aux camelias
Idioma de una obra español
245 13 - MENCIÓN DE TITULO
Título La dama de las camelias /
Mención de responsabilidad Alejandro Dumas.;traducción Ana María Moix
260 ## - PUBLICACIÓN, DISTRIBUCIÓN, ETC. (PIE DE IMPRENTA)
Lugar de publicación, distribución, etc Barcelona :
Nombre del editor, distribuidor, etc. Bruguera
Fecha de publicación, distribución, etc 1982
300 ## - DESCRIPCIÓN FÍSICA
Extensión 255 p. ;
Dimensiones 21 cm.
490 ## - MENCIÓN DE SERIES
Mención de serie Libor amigo
Volume/sequential designation 80
650 #4 - ENCABEZAMIENTO DE MATERIA--TEMÁTICO
Término temático o nombre geográfico como elemento de entrada NOVELA FRANCESA
650 #4 - ENCABEZAMIENTO DE MATERIA--TEMÁTICO
Término temático o nombre geográfico como elemento de entrada LITERATURA FRANCESA
700 ## - ASIENTO SECUNDARIO -- NOMBRE PERSONAL
Término de relación Moix, Ana María
Mención de responsabilidad tr.
830 ## - ASIENTO SECUNDARIO DE SERIE--TÍTULO UNIFORME
Idioma de una obra Libro amigo
Volume number/sequential designation
942 ## - ADDED ENTRY ELEMENTS (KOHA)
Source of classification or shelving scheme Dewey Decimal Classification
Koha item type Libros
945 ## - INFORMACIÓN DE PROCESAMIENTO LOCAL
Información de procesamiento local inventariado, 2018 / dg
956 ## - LOCAL ELECTRONIC LOCATION AND ACCESS (OCLC)
Nombre de host VMATEO
Número de acceso 10
Información de compresión 20151125
Inicio de sesión BPMSU
Procesador de solicitud 00151
956 ## - LOCAL ELECTRONIC LOCATION AND ACCESS (OCLC)
Nombre de host Validado. Control de calidad MFF
Existencias
Withdrawn status Lost status Source of classification or shelving scheme Damaged status Not for loan Home library Current library Date acquired Source of acquisition Total Checkouts Barcode Date last seen Price effective from Koha item type
    Dewey Decimal Classification     Biblioteca Pública Metropolitana Salomé Ureña Biblioteca Pública Metropolitana Salomé Ureña 11/25/2015 FUNDI   BPMSU15110494 11/25/2015 11/25/2015 Libros